| 000 | 00925nas a2200289 i 4500 | ||
|---|---|---|---|
| 001 | 2247 | ||
| 003 | ES-MaACL | ||
| 005 | 20250824012557.0 | ||
| 007 | t| | ||
| 008 | 950801c1946 it m|yp n | ||ta d | ||
| 022 | _a1123-458X | ||
| 080 | _a792 | ||
| 245 | 0 | 0 |
_aSipario _b: rivista di teatro, di cinema e di televisione. |
| 246 | 3 |
_aSipario _b: rivista de teatro, scenografia, cinema, balleto, televisione |
|
| 260 |
_aMilano : _bUlisse, _c1946- ( _fS. Pinelli) |
||
| 300 |
_a16 v. ; _c28 cm. |
||
| 310 | _aMensual | ||
| 362 | 0 | _aAño I (1946)- | |
| 594 | _aAño X (1955): dir., Valentino Bompiani. | ||
| 596 | _aVariantes en pie de imprenta: Milano : Bompiani : CAMA. | ||
| 650 | 1 | 7 |
_aCine _2embne _911010 |
| 650 | 7 |
_aTeatro _2embne _917290 |
|
| 700 | 1 |
_aBompiani, Valentino. _930037 |
|
| 852 |
_aES-MaACL _jHem-988 |
||
| 866 | 0 | _o(1955 f. en.- abril) 1956-63 (1964) 1965-66. | |
| 999 |
_c2247 _d2247 |
||